Влияние факторов мезозойско-кайнозойского климата на реконструкции геотермического режима нефтематеринских свит месторождений юго-востока и севера Западной Сибири: автореферат диссертации на соискание ученой степени кандидата геолого-минералогических наук; спец. 25.00.16

Bibliografiske detaljer
Hovedforfatter: Искоркина А. А. Альбина Альбертовна
Institution som forfatter: Национальный исследовательский Томский политехнический университет (ТПУ)
Andre forfattere: Исаев В. И. Валерий Иванович (научный руководитель)
Summary:Защита сост. 8.06.2017 г.
Sprog:russisk
Udgivet: Томск, [Б. и.], 2017
Fag:
Format: Bog
KOHA link:https://koha.lib.tpu.ru/cgi-bin/koha/opac-detail.pl?biblionumber=333764

MARC

LEADER 00000nam0a2200000 4500
001 333764
005 20231102004604.0
035 |a (RuTPU)RU\TPU\book\359777 
090 |a 333764 
100 |a 20170623d2017 k y0rusy50 ca 
101 0 |a rus 
102 |a RU 
105 |a a dm 001zy 
200 1 |a Влияние факторов мезозойско-кайнозойского климата на реконструкции геотермического режима нефтематеринских свит месторождений юго-востока и севера Западной Сибири  |e автореферат диссертации на соискание ученой степени кандидата геолого-минералогических наук  |e спец. 25.00.16  |f А. А. Искоркина  |g Национальный исследовательский Томский политехнический университет (ТПУ) ; науч. рук. В. И. Исаев 
210 |a Томск  |c [Б. и.]  |d 2017 
215 |a 22 с.  |c ил. 
300 |a Защита сост. 8.06.2017 г. 
320 |a Библиогр.: с. 21-22 (9 назв.) 
452 1 |0 (RuTPU)RU\TPU\book\356484  |t Влияние факторов мезозойско-кайнозойского климата на реконструкции геотермического режима нефтематеринских свит месторождений юго-востока и севера Западной Сибири  |o автореферат диссертации на соискание ученой степени кандидата геолого-минералогических наук  |o спец. 25.00.16  |f А. А. Искоркина  |g Национальный исследовательский Томский политехнический университет (ТПУ) ; науч. рук. В. И. Исаев  |c Томск  |d 2017  |a Искоркина, Альбина Альбертовна 
606 1 |a Нефтегазовые месторождения  |x Геология  |y Западная Сибирь  |2 stltpush  |3 (RuTPU)RU\TPU\subj\69234  |9 84201 
606 1 |a Палеоклиматология  |2 stltpush  |3 (RuTPU)RU\TPU\subj\47989  |9 66872 
610 1 |a нефтематеринские отложения 
610 1 |a геотермический режим 
610 1 |a генерационный потенциал 
610 1 |a палеоклиматические факторы 
610 1 |a реконструкция 
610 1 |a Западная Сибирь 
610 1 |a баженовская свита 
610 1 |a авторефераты диссертаций 
610 1 |a труды учёных ТПУ 
675 |a 553.98(571.1)(04)  |v 4 
675 |a 551.583.7(04)  |v 4 
686 |a 25.00.16  |2 oksvnk 
700 1 |a Искоркина  |b А. А.  |c геолог  |c аспирант Томского политехнического университета  |f 1991-  |g Альбина Альбертовна  |2 stltpush  |3 (RuTPU)RU\TPU\pers\38860 
702 1 |a Исаев  |b В. И.  |c геолог  |c профессор Томского политехнического университета, доктор геолого-минералогических наук  |f 1952-  |g Валерий Иванович  |2 stltpush  |3 (RuTPU)RU\TPU\pers\24786  |4 727 
712 0 2 |a Национальный исследовательский Томский политехнический университет (ТПУ)  |c (2009- )  |2 stltpush  |3 (RuTPU)RU\TPU\col\15902 
801 1 |a RU  |b 63413507  |c 20170623 
801 2 |a RU  |b 63413507  |c 20171004  |g RCR 
942 |c BK